| 000 | 00918nam a22003137a 4500 | ||
|---|---|---|---|
| 001 | 5876 | ||
| 003 | FISKH | ||
| 005 | 20250127121333.0 | ||
| 008 | 250127b cb ||||| |||| 00| 0 eng d | ||
| 020 | _a047415260025 | ||
| 040 |
_aFISKH _beng _cFISKH _dFISKH |
||
| 050 | _aPZ8.H146 | ||
| 082 | _a279 | ||
| 100 |
_aHall, Kirsten _d(1974-) |
||
| 245 |
_aMy best friend / _cby Kirsten Hall illustrated by Chris Demarest |
||
| 250 | _aThis edition published in 1999 | ||
| 260 |
_aWalcot : _bAll Star, _c1999. |
||
| 300 |
_a31 pages : _bcolor illustrations ; _c23 cm |
||
| 490 |
_aReader's digest kids _vAll star readers grade 1 |
||
| 505 | _aC | ||
| 520 | _aA boy describes his best friend, his puppy. | ||
| 521 | 8 |
_a140
_bLexile |
|
| 521 | 8 |
_aC
_bRaz-Plus |
|
| 650 |
_2Friends _aFriendship |
||
| 650 |
_2Animals _aPets |
||
| 700 |
_aDemarest, Chris _dillustrator |
||
| 942 |
_2ddc _cBK _n0 |
||
| 999 |
_c5876 _d5876 |
||